| 000 | 00389nam a22001331 4500 | ||
|---|---|---|---|
| 050 | 0 | 0 |
_aQD476 _b.R4 vol. 1 |
| 100 | 1 | _aBunton, C. A. | |
| 245 | 1 | 0 | _aNucleophilic substitution at a saturated carbon atom. |
| 260 |
_aAmsterdam, _aNew York, _bElsevier Pub. Co., _c1963. |
||
| 300 | _aix, 172 p. | ||
| 500 | _a illustrations. | ||
| 650 | 0 | _bCarbon compounds , Substitution reactions | |
| 942 | _cGEN | ||
| 999 |
_c2000 _d2000 |
||